[Event "Charlesbourg Festival"]
[Site "Charlesbourg CAN"]
[Date "2012.06.11"]
[Round "2"]
[White "Lessard, Claude"]
[Black "Bahadi, Khalid"]
[Result "1/2-1/2"]
[WhiteElo "2060"]
[BlackElo "1860"]
[PlyCount "37"]
[GameId "2160767909509229"]
[EventDate "2012.06.04"]
[EventType "swiss"]
[EventRounds "5"]
[EventCountry "CAN"]
[SourceTitle "EXT 2022"]
[Source "ChessBase"]
[SourceDate "2021.10.06"]
[SourceVersion "1"]
[SourceVersionDate "2021.10.06"]
[SourceQuality "1"]

1. Nf3 d5 2. c4 c6 3. e3 e6 4. Qc2 Nf6 5. Nc3 a6 6. b3 Bd6 7. Bb2 O-O 8. Be2 e5 9. c5 Bc7 10. h3 Re8 11. g4 d4 12. Na4 d3 13. Bxd3 e4 14. Be2 exf3 15. Bxf3 Nd5 16. Bxd5 Qxd5 17. O-O-O Nd7 18. f4 b5 19. cxb6 1/2-1/2

[Event "Charlesbourg Festival"]
[Site "Charlesbourg CAN"]
[Date "2012.06.11"]
[Round "2"]
[White "Poliquin, Yvone"]
[Black "Dube, Daniel"]
[Result "0-1"]
[WhiteElo "1933"]
[BlackElo "1796"]
[PlyCount "98"]
[GameId "2160767909509230"]
[EventDate "2012.06.04"]
[EventType "swiss"]
[EventRounds "5"]
[EventCountry "CAN"]
[SourceTitle "EXT 2022"]
[Source "ChessBase"]
[SourceDate "2021.10.06"]
[SourceVersion "1"]
[SourceVersionDate "2021.10.06"]
[SourceQuality "1"]

1. e4 c6 2. d4 d5 3. e5 Bf5 4. h4 h6 5. c4 e6 6. Nc3 Bb4 7. a3 Bxc3+ 8. bxc3 Nd7 9. cxd5 cxd5 10. g4 Bg6 11. h5 Bh7 12. Ne2 Qc7 13. Rh3 Ne7 14. Nf4 Nb6 15. Qb3 Rc8 16. a4 Nc6 17. a5 Nd7 18. Qa4 O-O 19. Ba3 Rfe8 20. Bd6 Qd8 21. Bd3 Qg5 22. Bxh7+ Kxh7 23. Qc2+ Kg8 24. Qd2 f6 25. Ng6 Qxg4 26. Rg3 Qe4+ 27. Kf1 Qh1+ 28. Rg1 Qxh5 29. Nf4 Qf5 30. Qd3 Qxd3+ 31. Nxd3 fxe5 32. dxe5 Ne7 33. Nf4 Nf5 34. Ra3 Rc4 35. Ne2 Rec8 36. Rb3 b6 37. axb6 Nxb6 38. f4 d4 39. cxd4 Nxd4 40. Rbg3 Nf5 41. Ra3 Ra4 42. Rxa4 Nxa4 43. Bb4 Rc4 44. Bd2 Nc5 45. Rh1 Ne4 46. Ke1 Ra4 47. Rh3 Ra2 48. Bc1 a5 49. Rb3 Rxe2+ 0-1

[Event "Charlesbourg Festival"]
[Site "Charlesbourg CAN"]
[Date "2012.06.18"]
[Round "3"]
[White "Beaudoin, Stephane"]
[Black "Fecteau, Martin"]
[Result "1-0"]
[WhiteElo "2067"]
[BlackElo "1975"]
[PlyCount "143"]
[GameId "2160767909509231"]
[EventDate "2012.06.04"]
[EventType "swiss"]
[EventRounds "5"]
[EventCountry "CAN"]
[SourceTitle "EXT 2022"]
[Source "ChessBase"]
[SourceDate "2021.10.06"]
[SourceVersion "1"]
[SourceVersionDate "2021.10.06"]
[SourceQuality "1"]

1. e4 c5 2. Nf3 d6 3. d4 cxd4 4. Nxd4 Nf6 5. Nc3 a6 6. g3 g6 7. Bg2 Bg7 8. O-O O-O 9. Bg5 Nbd7 10. Qd2 Qc7 11. Rad1 Nb6 12. b3 Bd7 13. Nb1 Rac8 14. c4 Rfd8 15. Nc3 Be8 16. Bh6 Bh8 17. h3 Bd7 18. Rfe1 Bg7 19. Bg5 e5 20. Nc2 Be6 21. Ne3 h6 22. Bxf6 Bxf6 23. a4 Bg5 24. h4 Bxe3 25. Qxe3 Kg7 26. Qd2 Qc5 27. Kh2 Na8 28. f4 Bg4 29. Rc1 Nc7 30. Nd5 Ne6 31. f5 Nd4 32. f6+ Kh7 33. Re3 Be6 34. Bh3 Bxh3 35. Kxh3 Rb8 36. Kg2 Qc8 37. Qd1 Qe6 38. Qf1 Qg4 39. a5 g5 40. Qd1 Qxd1 41. Rxd1 gxh4 42. Ne7 b5 43. axb6 Rxb6 44. Rf1 Rdb8 45. gxh4 Rxb3 46. Rxb3 Rxb3 47. Ra1 Rb6 48. Kh3 Ne6 49. Ra3 Nf4+ 50. Kg4 Ne6 51. Kf3 Nc5 52. Nc8 Rc6 53. Ne7 Rc7 54. h5 Rb7 55. Nc8 Rc7 56. Nxd6 Rd7 57. Nf5 Rd3+ 58. Rxd3 Nxd3 59. Nd6 Kg8 60. Ke3 Nc5 61. Kd2 Nd7 62. Kc3 Nxf6 63. c5 Kf8 64. c6 Ne8 65. Nf5 Nc7 66. Nxh6 Kg7 67. Nf5+ Kf6 68. Kb4 Kg5 69. h6 Kg6 70. Ka5 Ne6 71. Kxa6 Nc5+ 72. Kb6 1-0

[Event "Charlesbourg Festival"]
[Site "Charlesbourg CAN"]
[Date "2012.06.18"]
[Round "3"]
[White "Plante, Rejean"]
[Black "Tremblay, Charles"]
[Result "1-0"]
[WhiteElo "1982"]
[BlackElo "1497"]
[PlyCount "65"]
[GameId "2160767909509232"]
[EventDate "2012.06.04"]
[EventType "swiss"]
[EventRounds "5"]
[EventCountry "CAN"]
[SourceTitle "EXT 2022"]
[Source "ChessBase"]
[SourceDate "2021.10.06"]
[SourceVersion "1"]
[SourceVersionDate "2021.10.06"]
[SourceQuality "1"]

1. c4 e5 2. Nc3 Nf6 3. g3 Nc6 4. Bg2 Bc5 5. d3 O-O 6. e3 Re8 7. Nge2 a6 8. O-O d6 9. a3 Rb8 10. b4 Bb6 11. Bb2 Be6 12. Nd5 Bxd5 13. cxd5 Ne7 14. Qb3 Qd7 15. Rac1 Ng6 16. a4 Rbc8 17. a5 Ba7 18. Nc3 h5 19. b5 axb5 20. Nxb5 Bc5 21. d4 exd4 22. exd4 c6 23. dxc6 bxc6 24. dxc5 cxb5 25. Bxf6 gxf6 26. cxd6 Rxc1 27. Rxc1 Qxd6 28. Qxb5 Rb8 29. Bb7 Ne5 30. a6 Qd4 31. Qd5 Qa7 32. Qc5 Rxb7 33. Qc8+ 1-0

[Event "Charlesbourg Festival"]
[Site "Charlesbourg CAN"]
[Date "2012.06.25"]
[Round "4"]
[White "Bahadi, Khalid"]
[Black "Bonneau, Daniel"]
[Result "1-0"]
[WhiteElo "1813"]
[BlackElo "2024"]
[PlyCount "43"]
[GameId "2160767909509233"]
[EventDate "2012.06.04"]
[EventType "swiss"]
[EventRounds "5"]
[EventCountry "CAN"]
[SourceTitle "EXT 2022"]
[Source "ChessBase"]
[SourceDate "2021.10.06"]
[SourceVersion "1"]
[SourceVersionDate "2021.10.06"]
[SourceQuality "1"]

1. e4 e6 2. d4 d5 3. Nc3 Nf6 4. Bg5 dxe4 5. Nxe4 Be7 6. Bxf6 gxf6 7. Nf3 a6 8. Qd2 h6 9. O-O-O b5 10. c4 Bb7 11. d5 bxc4 12. dxe6 Qxd2+ 13. Nexd2 fxe6 14. Bxc4 Bd5 15. Nd4 Kf7 16. Rhe1 Bxc4 17. Nxc4 e5 18. Nf5 Bc5 19. Re2 Ke6 20. g4 Nc6 21. f4 Rad8 22. Rxd8 1-0

[Event "Charlesbourg Festival"]
[Site "Charlesbourg CAN"]
[Date "2012.06.25"]
[Round "4"]
[White "Dube, Daniel"]
[Black "Beaudoin, Stephane"]
[Result "0-1"]
[WhiteElo "1796"]
[BlackElo "2067"]
[PlyCount "66"]
[GameId "2160767909509234"]
[EventDate "2012.06.04"]
[EventType "swiss"]
[EventRounds "5"]
[EventCountry "CAN"]
[SourceTitle "EXT 2022"]
[Source "ChessBase"]
[SourceDate "2021.10.06"]
[SourceVersion "1"]
[SourceVersionDate "2021.10.06"]
[SourceQuality "1"]

1. e4 g6 2. d4 Bg7 3. Nc3 d6 4. Be3 a6 5. Qd2 Nd7 6. Nf3 b5 7. Bd3 Bb7 8. a4 b4 9. Ne2 Rb8 10. c3 bxc3 11. Nxc3 c5 12. d5 Bc8 13. a5 Ngf6 14. O-O O-O 15. Qe2 Ng4 16. Bf4 Nge5 17. Nxe5 Nxe5 18. Bxa6 Bxa6 19. Qxa6 Rxb2 20. Rfb1 Rb4 21. Bxe5 Bxe5 22. Qd3 Rxb1+ 23. Rxb1 Qxa5 24. Ne2 Rc8 25. Qc4 Qd2 26. g3 Ra8 27. f4 Bf6 28. Rf1 Ra2 29. e5 Rc2 30. Qe4 Qxe2 31. Qxe2 Rxe2 32. exf6 exf6 33. Rb1 Rd2 0-1

[Event "Charlesbourg Festival"]
[Site "Charlesbourg CAN"]
[Date "2012.06.25"]
[Round "4"]
[White "Glode, Martin"]
[Black "Plante, Rejean"]
[Result "1/2-1/2"]
[WhiteElo "1867"]
[BlackElo "1982"]
[PlyCount "103"]
[GameId "2160767909509235"]
[EventDate "2012.06.04"]
[EventType "swiss"]
[EventRounds "5"]
[EventCountry "CAN"]
[SourceTitle "EXT 2022"]
[Source "ChessBase"]
[SourceDate "2021.10.06"]
[SourceVersion "1"]
[SourceVersionDate "2021.10.06"]
[SourceQuality "1"]

1. e4 c5 2. Nf3 Nc6 3. c3 d5 4. exd5 Qxd5 5. d4 Bg4 6. Nbd2 cxd4 7. Bc4 Bxf3 8. Qxf3 Qxf3 9. Nxf3 dxc3 10. bxc3 e6 11. Rb1 O-O-O 12. Bb5 Bd6 13. Be3 Bb8 14. O-O e5 15. Ng5 Nh6 16. Bc4 Rd7 17. Rfd1 Nd8 18. Kf1 Nf5 19. Bd2 h6 20. Ne4 Nd6 21. Nxd6+ Rxd6 22. Be1 f5 23. Bb3 Re8 24. c4 Rxd1 25. Rxd1 Nc6 26. Bc3 Rd8 27. Rxd8+ Kxd8 28. Ba4 Kd7 29. Ke2 Bd6 30. f3 g5 31. Kd3 Ke6 32. Bb3 Bc5 33. Ba4 g4 34. Bd1 h5 35. h3 g3 36. Be1 h4 37. Bd2 Bb4 38. Be3 b6 39. Ba4 e4+ 40. Ke2 exf3+ 41. Kxf3 Ne5+ 42. Ke2 Be7 43. Bb3 Bc5 44. Bg5 Ng6 45. Kf3 Ke5 46. Bh6 Kf6 47. Bd2 Ne5+ 48. Ke2 Bd4 49. Bf4 a5 50. Bxe5+ Kxe5 51. Kd3 Bc5 52. Bd1 1/2-1/2

[Event "Charlesbourg Festival"]
[Site "Charlesbourg CAN"]
[Date "2012.06.25"]
[Round "4"]
[White "Lessard, Claude"]
[Black "Doyon, Stephane"]
[Result "1-0"]
[WhiteElo "2106"]
[BlackElo "1713"]
[PlyCount "61"]
[GameId "2160767909509236"]
[EventDate "2012.06.04"]
[EventType "swiss"]
[EventRounds "5"]
[EventCountry "CAN"]
[SourceTitle "EXT 2022"]
[Source "ChessBase"]
[SourceDate "2021.10.06"]
[SourceVersion "1"]
[SourceVersionDate "2021.10.06"]
[SourceQuality "1"]

1. Nf3 Nf6 2. g3 g6 3. b3 Bg7 4. Bb2 O-O 5. Bg2 d6 6. d3 e5 7. Nbd2 Nc6 8. O-O Re8 9. e4 Be6 10. Ng5 d5 11. Nxe6 fxe6 12. Qe2 Nd4 13. Bxd4 exd4 14. e5 Nd7 15. f4 c5 16. h4 Qe7 17. Nf3 Bh6 18. b4 cxb4 19. Kh2 Qc5 20. Bh3 Rac8 21. Rac1 Rc6 22. h5 Nf8 23. hxg6 Nxg6 24. Ne1 Ra6 25. Qh5 Bg7 26. Nf3 Rxa2 27. Ng5 Rxc2+ 28. Rxc2 Qxc2+ 29. Kh1 Qxd3 30. Qxh7+ Kf8 31. f5 1-0

[Event "Charlesbourg Festival"]
[Site "Charlesbourg CAN"]
[Date "2012.07.02"]
[Round "5"]
[White "Beaudoin, Stephane"]
[Black "Bahadi, Khalid"]
[Result "0-1"]
[WhiteElo "2067"]
[BlackElo "1813"]
[PlyCount "50"]
[GameId "2160767909509237"]
[EventDate "2012.06.04"]
[EventType "swiss"]
[EventRounds "5"]
[EventCountry "CAN"]
[SourceTitle "EXT 2022"]
[Source "ChessBase"]
[SourceDate "2021.10.06"]
[SourceVersion "1"]
[SourceVersionDate "2021.10.06"]
[SourceQuality "1"]

1. e4 e5 2. f4 d5 3. exd5 e4 4. d3 Qxd5 5. Nc3 Bb4 6. Bd2 Bxc3 7. Bxc3 Nf6 8. dxe4 Qxe4+ 9. Qe2 Bf5 10. O-O-O O-O 11. Qd2 Nd5 12. Bd3 Qa4 13. Bxf5 Nxc3 14. bxc3 Qxa2 15. Qf2 Nc6 16. Nf3 Na5 17. Qh4 h6 18. Bd3 Rad8 19. Kd2 Rfe8 20. Nd4 c5 21. Rde1 cxd4 22. Rxe8+ Rxe8 23. cxd4 Qb2 24. Bc4 Nxc4+ 25. Kd3 Re3+ 0-1

[Event "Charlesbourg Festival"]
[Site "Charlesbourg CAN"]
[Date "2012.07.02"]
[Round "5"]
[White "Bonneau, Daniel"]
[Black "Glode, Martin"]
[Result "1-0"]
[WhiteElo "2024"]
[BlackElo "1867"]
[PlyCount "45"]
[GameId "2160767909509238"]
[EventDate "2012.06.04"]
[EventType "swiss"]
[EventRounds "5"]
[EventCountry "CAN"]
[SourceTitle "EXT 2022"]
[Source "ChessBase"]
[SourceDate "2021.10.06"]
[SourceVersion "1"]
[SourceVersionDate "2021.10.06"]
[SourceQuality "1"]

1. e4 e6 2. d4 d5 3. Nd2 c5 4. exd5 Qxd5 5. Ngf3 cxd4 6. Bc4 Qd6 7. O-O Nf6 8. Nb3 Nc6 9. Nbxd4 Nxd4 10. Nxd4 a6 11. Re1 Be7 12. c3 O-O 13. Qf3 Qc7 14. Bb3 Bd6 15. Bg5 Bxh2+ 16. Kh1 Be5 17. Rad1 Bd7 18. Qe3 Bd6 19. Bxf6 gxf6 20. Qh6 e5 21. Bc2 f5 22. Nxf5 Bxf5 23. Bxf5 1-0

[Event "Charlesbourg Festival"]
[Site "Charlesbourg CAN"]
[Date "2012.07.02"]
[Round "5"]
[White "Fecteau, Martin"]
[Black "Dube, Daniel"]
[Result "0-1"]
[WhiteElo "1945"]
[BlackElo "1796"]
[PlyCount "90"]
[GameId "2160767909509239"]
[EventDate "2012.06.04"]
[EventType "swiss"]
[EventRounds "5"]
[EventCountry "CAN"]
[SourceTitle "EXT 2022"]
[Source "ChessBase"]
[SourceDate "2021.10.06"]
[SourceVersion "1"]
[SourceVersionDate "2021.10.06"]
[SourceQuality "1"]

1. d4 f5 2. Nf3 Nf6 3. g3 e6 4. Bg2 Be7 5. O-O O-O 6. c4 d6 7. Nc3 Qe8 8. Qc2 Qg6 9. Nh4 Qh5 10. Nf3 Qg6 11. a3 c6 12. Ng5 h6 13. Nh3 e5 14. e3 Qh5 15. f3 Be6 16. b3 Nbd7 17. Bb2 g5 18. Nf2 f4 19. g4 Qh4 20. dxe5 dxe5 21. exf4 gxf4 22. Nce4 Kf7 23. Rad1 Rg8 24. Nxf6 Bxf6 25. h3 h5 26. Qh7+ Rg7 27. Qxh5+ Qxh5 28. gxh5 Rh8 29. Ng4 Rxh5 30. Bc3 Be7 31. b4 Rg8 32. Rfe1 Bf6 33. Re4 Bf5 34. Re2 Be6 35. Red2 Nb6 36. Bf1 Bxc4 37. Bxc4+ Nxc4 38. Rd7+ Ke6 39. Rxb7 Rxh3 40. Kf2 e4 41. Bxf6 Rxf3+ 42. Ke2 Rxg4 43. Bd4 Rg2+ 44. Ke1 Rh3 45. Kf1 f3 0-1

[Event "Charlesbourg Festival"]
[Site "Charlesbourg CAN"]
[Date "2012.07.02"]
[Round "5"]
[White "Plante, Rejean"]
[Black "Lessard, Claude"]
[Result "1/2-1/2"]
[WhiteElo "1982"]
[BlackElo "2106"]
[PlyCount "52"]
[GameId "2160767909509240"]
[EventDate "2012.06.04"]
[EventType "swiss"]
[EventRounds "5"]
[EventCountry "CAN"]
[SourceTitle "EXT 2022"]
[Source "ChessBase"]
[SourceDate "2021.10.06"]
[SourceVersion "1"]
[SourceVersionDate "2021.10.06"]
[SourceQuality "1"]

1. e4 c5 2. Nf3 d6 3. d4 cxd4 4. Nxd4 Nf6 5. Nc3 g6 6. f3 Bg7 7. Be3 O-O 8. Qd2 Nc6 9. Bc4 Bd7 10. Bb3 Rc8 11. O-O-O Na5 12. Bh6 Nxb3+ 13. axb3 Qa5 14. Kb1 Rc5 15. Bxg7 Kxg7 16. Na2 Qxd2 17. Rxd2 a5 18. b4 axb4 19. Nxb4 Ra8 20. Nb3 Rb5 21. c3 Be6 22. Nd4 Rba5 23. Nxe6+ fxe6 24. Kc2 Nd7 25. Re1 Rc8 26. Rd4 Rg5 1/2-1/2

[Event "Charlesbourg Festival"]
[Site "Charlesbourg CAN"]
[Date "2012.07.02"]
[Round "5"]
[White "Poliquin, Yvone"]
[Black "Dorion, Francois"]
[Result "1-0"]
[WhiteElo "1880"]
[BlackElo "1607"]
[PlyCount "39"]
[GameId "2160767909509241"]
[EventDate "2012.06.04"]
[EventType "swiss"]
[EventRounds "5"]
[EventCountry "CAN"]
[SourceTitle "EXT 2022"]
[Source "ChessBase"]
[SourceDate "2021.10.06"]
[SourceVersion "1"]
[SourceVersionDate "2021.10.06"]
[SourceQuality "1"]

1. e4 e5 2. Nf3 Nc6 3. d4 exd4 4. Nxd4 Bc5 5. Be3 Qf6 6. c3 Nge7 7. Bc4 O-O 8. O-O Bxd4 9. cxd4 d6 10. Nc3 a6 11. a4 Qg6 12. f4 Kh8 13. f5 Qf6 14. Qd2 h6 15. Rf3 Bd7 16. Raf1 Rae8 17. Rh3 Kg8 18. e5 dxe5 19. dxe5 Qxe5 20. Bd4 1-0

[Event "Charlesbourg Keres"]
[Site "Charlesbourg CAN"]
[Date "2012.03.26"]
[Round "1"]
[White "Plante, Rejean"]
[Black "Fecteau, Martin"]
[Result "0-1"]
[WhiteElo "2017"]
[BlackElo "1960"]
[PlyCount "102"]
[GameId "2160767909509957"]
[EventDate "2012.03.26"]
[EventType "swiss"]
[EventRounds "5"]
[EventCountry "CAN"]
[SourceTitle "EXT 2022"]
[Source "ChessBase"]
[SourceDate "2021.10.06"]
[SourceVersion "1"]
[SourceVersionDate "2021.10.06"]
[SourceQuality "1"]

1. c4 Nf6 2. d4 c6 3. Nf3 d5 4. e3 e6 5. Nc3 Nbd7 6. Bd3 Bd6 7. O-O O-O 8. b3 Qe7 9. Re1 Re8 10. Bd2 dxc4 11. Bxc4 b5 12. Bd3 a6 13. e4 e5 14. Ne2 c5 15. d5 Nf8 16. h3 Bd7 17. Nh2 Ng6 18. g4 Rec8 19. Ng3 Nf4 20. Bf1 g5 21. Rc1 Qf8 22. Bxf4 exf4 23. Nf5 Bxf5 24. gxf5 Nd7 25. Nf3 f6 26. Nd2 Ne5 27. f3 Qh6 28. Qe2 Kh8 29. Qg2 Qf8 30. a4 c4 31. bxc4 Bc5+ 32. Kh1 bxa4 33. Rc2 Rab8 34. Ra1 a3 35. Be2 Rb6 36. Qf1 Rcb8 37. Rd1 R8b7 38. Nb1 Rb2 39. Nxa3 Bxa3 40. Rxb2 Rxb2 41. c5 Qxc5 42. d6 Qc2 43. d7 Nxd7 44. Rxd7 Qxe2 45. Qxe2 Rxe2 46. Ra7 Bc1 47. Rxa6 Kg7 48. Ra7+ Kh6 49. Rb7 Bb2 50. Rb4 Kh5 51. Rb7 Kh4 0-1

[Event "Charlesbourg Keres"]
[Site "Charlesbourg CAN"]
[Date "2012.03.26"]
[Round "1"]
[White "Poliquin, Yvone"]
[Black "Beaudoin, Stephane"]
[Result "1/2-1/2"]
[WhiteElo "1960"]
[BlackElo "2049"]
[PlyCount "80"]
[GameId "2160767909509958"]
[EventDate "2012.03.26"]
[EventType "swiss"]
[EventRounds "5"]
[EventCountry "CAN"]
[SourceTitle "EXT 2022"]
[Source "ChessBase"]
[SourceDate "2021.10.06"]
[SourceVersion "1"]
[SourceVersionDate "2021.10.06"]
[SourceQuality "1"]

1. e4 e6 2. d4 d5 3. e5 c5 4. c3 Nc6 5. Nf3 Be7 6. Bd3 f5 7. exf6 Nxf6 8. O-O O-O 9. Re1 Bd7 10. Nbd2 cxd4 11. cxd4 Bd6 12. b3 Rc8 13. a3 Kh8 14. Bb2 Ng4 15. h3 Nh6 16. b4 Qf6 17. Qe2 Nf5 18. Nb3 b6 19. b5 Nce7 20. Ne5 Bxe5 21. dxe5 Qh4 22. Qg4 Ng6 23. Qxh4 Nfxh4 24. Rac1 Nf4 25. Bf1 Nxh3+ 26. gxh3 Nf3+ 27. Kg2 Nxe1+ 28. Rxe1 Rc2 29. Re2 Rxe2 30. Bxe2 Rf4 31. Bd3 g5 32. Bc1 Ra4 33. Kg3 h5 34. f3 Kg7 35. Bb2 Kf7 36. Nd4 Bc8 37. Bc2 Rc4 38. Bd3 Ra4 39. Bc2 Rc4 40. Bd3 Ra4 1/2-1/2

[Event "Charlesbourg Keres"]
[Site "Charlesbourg CAN"]
[Date "2012.03.26"]
[Round "1"]
[White "Tremblay, Rejean"]
[Black "Lessard, Claude"]
[Result "1-0"]
[WhiteElo "2240"]
[BlackElo "2030"]
[PlyCount "85"]
[GameId "2160767909509959"]
[EventDate "2012.03.26"]
[EventType "swiss"]
[EventRounds "5"]
[EventCountry "CAN"]
[SourceTitle "EXT 2022"]
[Source "ChessBase"]
[SourceDate "2021.10.06"]
[SourceVersion "1"]
[SourceVersionDate "2021.10.06"]
[SourceQuality "1"]

1. d4 Nf6 2. c4 e6 3. Nc3 b6 4. e4 Bb7 5. Bd3 d5 6. exd5 exd5 7. Nf3 Be7 8. O-O O-O 9. Re1 Nbd7 10. Bg5 Re8 11. Ne5 dxc4 12. Bxc4 Nxe5 13. dxe5 Qxd1 14. Raxd1 Ng4 15. Bxe7 Rxe7 16. e6 f6 17. f4 Kf8 18. h3 Nh6 19. g4 f5 20. g5 Ng8 21. Re5 g6 22. Kf2 a6 23. Bd5 c6 24. Bf3 b5 25. Ne2 Rc7 26. Nd4 Ne7 27. Nb3 Nd5 28. Nc5 Ke7 29. Bxd5 cxd5 30. Nxb7 Rxb7 31. Rdxd5 Rc8 32. Ke3 Rc2 33. Rd2 Rc1 34. Kf3 b4 35. Red5 Rc6 36. Rd7+ Rxd7 37. Rxd7+ Kxe6 38. Rxh7 Rc2 39. Rg7 Rxb2 40. Rxg6+ Kd5 41. Rxa6 b3 42. Ra5+ Ke6 43. Re5+ 1-0

[Event "Charlesbourg Keres"]
[Site "Charlesbourg CAN"]
[Date "2012.04.02"]
[Round "2"]
[White "Beaudoin, Stephane"]
[Black "Fecteau, Martin"]
[Result "1-0"]
[WhiteElo "2049"]
[BlackElo "1961"]
[PlyCount "69"]
[GameId "2160767909509960"]
[EventDate "2012.03.26"]
[EventType "swiss"]
[EventRounds "5"]
[EventCountry "CAN"]
[SourceTitle "EXT 2022"]
[Source "ChessBase"]
[SourceDate "2021.10.06"]
[SourceVersion "1"]
[SourceVersionDate "2021.10.06"]
[SourceQuality "1"]

1. e4 c5 2. Nf3 e6 3. d4 cxd4 4. Nxd4 a6 5. Be3 Nc6 6. Nc3 Qc7 7. Bd3 Nf6 8. O-O b5 9. Nxc6 dxc6 10. a4 b4 11. Nb1 c5 12. Nd2 Bb7 13. b3 Be7 14. f4 O-O 15. Qf3 g6 16. Qh3 Rfe8 17. Rae1 Bf8 18. e5 Nh5 19. Be4 f5 20. Bxb7 Qxb7 21. Nc4 Qc7 22. Qf3 Red8 23. a5 Rab8 24. Rd1 Ng7 25. Nb6 Rxd1 26. Rxd1 Rd8 27. Kf2 Be7 28. Rxd8+ Qxd8 29. Ke2 Ne8 30. Qc6 Kf7 31. Nc8 Bf8 32. Bxc5 Bxc5 33. Qxc5 Nc7 34. Nd6+ Kg7 35. Qxc7+ 1-0

[Event "Charlesbourg Keres"]
[Site "Charlesbourg CAN"]
[Date "2012.04.02"]
[Round "2"]
[White "Lessard, Claude"]
[Black "Plante, Rejean"]
[Result "1-0"]
[WhiteElo "2030"]
[BlackElo "2017"]
[PlyCount "74"]
[GameId "2160767909509961"]
[EventDate "2012.03.26"]
[EventType "swiss"]
[EventRounds "5"]
[EventCountry "CAN"]
[SourceTitle "EXT 2022"]
[Source "ChessBase"]
[SourceDate "2021.10.06"]
[SourceVersion "1"]
[SourceVersionDate "2021.10.06"]
[SourceQuality "1"]

1. d4 Nf6 2. Nf3 e6 3. e3 c5 4. c3 a6 5. Be2 b5 6. O-O Bb7 7. a4 b4 8. cxb4 cxd4 9. b5 dxe3 10. Bxe3 axb5 11. Bxb5 Be7 12. Nbd2 Nc6 13. Nc4 Nd5 14. Bxc6 Bxc6 15. Nd4 Bb7 16. Qg4 Nxe3 17. Qxg7 Bf6 18. Nd6+ Ke7 19. Qxf7+ Kxd6 20. Nb5+ Kc6 21. fxe3 Rf8 22. Qxh7 Kb6 23. Qd3 Bc6 24. Nd4 Bxd4 25. Qxd4+ Kb7 26. Qb4+ Kc7 27. Rfd1 Qg5 28. Qd6+ Kb7 29. Qb4+ Kc7 30. Qd2 Rg8 31. g3 Qe5 32. Qd4 Rxg3+ 33. hxg3 Qxg3+ 34. Kf1 Qg2+ 35. Ke1 Rg8 36. Rac1 Rg5 37. Rxc6+ dxc6 1-0

[Event "Charlesbourg Keres"]
[Site "Charlesbourg CAN"]
[Date "2012.04.02"]
[Round "2"]
[White "Poliquin, Yvone"]
[Black "Tremblay, Rejean"]
[Result "0-1"]
[WhiteElo "1959"]
[BlackElo "2240"]
[PlyCount "76"]
[GameId "2160767909509962"]
[EventDate "2012.03.26"]
[EventType "swiss"]
[EventRounds "5"]
[EventCountry "CAN"]
[SourceTitle "EXT 2022"]
[Source "ChessBase"]
[SourceDate "2021.10.06"]
[SourceVersion "1"]
[SourceVersionDate "2021.10.06"]
[SourceQuality "1"]

1. e4 c5 2. Nf3 d6 3. d4 cxd4 4. Nxd4 Nf6 5. Nc3 a6 6. Bg5 e6 7. Qf3 h6 8. Bh4 Nbd7 9. O-O-O Be7 10. Bxf6 Bxf6 11. Qg3 Be5 12. f4 Bf6 13. h4 Qb6 14. Nb3 O-O 15. Nd2 Qc6 16. Ndb1 b5 17. a3 Bb7 18. Bd3 Rab8 19. Qf3 Nc5 20. g4 Bxc3 21. Nxc3 f5 22. gxf5 Rxf5 23. Qg4 Rf7 24. Rhg1 Rbf8 25. Kb1 Qc7 26. Rdf1 Nxd3 27. cxd3 Bc8 28. h5 Qc5 29. Qg6 Qd4 30. e5 dxe5 31. Rf3 exf4 32. Ne4 Bb7 33. Re1 Bd5 34. Qg2 Rc7 35. Qf1 e5 36. Rf2 b4 37. axb4 Qxb4 38. Rg2 Qb3 0-1

[Event "Charlesbourg Keres"]
[Site "Charlesbourg CAN"]
[Date "2012.04.09"]
[Round "3"]
[White "Fecteau, Martin"]
[Black "Lessard, Claude"]
[Result "0-1"]
[WhiteElo "1980"]
[BlackElo "2030"]
[PlyCount "42"]
[GameId "2160767909509963"]
[EventDate "2012.03.26"]
[EventType "swiss"]
[EventRounds "5"]
[EventCountry "CAN"]
[SourceTitle "EXT 2022"]
[Source "ChessBase"]
[SourceDate "2021.10.06"]
[SourceVersion "1"]
[SourceVersionDate "2021.10.06"]
[SourceQuality "1"]

1. Nf3 Nf6 2. g3 d5 3. d4 g6 4. Bg2 Bg7 5. c4 O-O 6. cxd5 Nxd5 7. O-O c5 8. Nc3 Nxc3 9. bxc3 Nc6 10. e3 Bf5 11. Nh4 Be6 12. f4 Bd5 13. Nf3 cxd4 14. exd4 Rc8 15. Bh3 e6 16. Be3 Na5 17. Bd2 Bxf3 18. Qxf3 Nc4 19. Be3 Nxe3 20. Qxe3 Rxc3 21. Qe4 Bxd4+ 0-1

[Event "Charlesbourg Keres"]
[Site "Charlesbourg CAN"]
[Date "2012.04.09"]
[Round "3"]
[White "Plante, Rejean"]
[Black "Poliquin, Yvone"]
[Result "1-0"]
[WhiteElo "2017"]
[BlackElo "1960"]
[PlyCount "87"]
[GameId "2160767909509964"]
[EventDate "2012.03.26"]
[EventType "swiss"]
[EventRounds "5"]
[EventCountry "CAN"]
[SourceTitle "EXT 2022"]
[Source "ChessBase"]
[SourceDate "2021.10.06"]
[SourceVersion "1"]
[SourceVersionDate "2021.10.06"]
[SourceQuality "1"]

1. e4 c5 2. Nf3 g6 3. c3 Bg7 4. d4 cxd4 5. cxd4 d5 6. e5 Nh6 7. Nc3 O-O 8. Qb3 e6 9. Bg5 Qd7 10. Bb5 Nc6 11. Na4 Nf5 12. O-O Qc7 13. Bxc6 bxc6 14. Nc5 Qb6 15. Qc3 Rb8 16. g4 Nh6 17. h3 Kh8 18. b3 Ng8 19. Rac1 Qc7 20. Rc2 Re8 21. Re1 Rf8 22. Bc1 Re8 23. b4 Bf8 24. a3 a6 25. Be3 Kg7 26. Nd2 Bxc5 27. Qxc5 Ne7 28. Bg5 Bb7 29. Nb3 Rec8 30. a4 Qd7 31. Qc3 Ng8 32. Nc5 Qc7 33. Qf3 Re8 34. Rec1 Rec8 35. b5 axb5 36. axb5 Ra8 37. Bf6+ Nxf6 38. exf6+ Kh8 39. Qe3 Rab8 40. bxc6 Qxc6 41. Qh6 Rg8 42. Nxb7 Qxb7 43. Rc7 Qb2 44. Rxf7 1-0